| 000 | 00742nam a22002295a 4500 | ||
|---|---|---|---|
| 008 | 170119s2016 nyua||||rb||| 001 0 eng d | ||
| 020 | _a9781681173634 | ||
| 020 | _a1681173638 | ||
| 040 |
_aEG-ScBUE _beng _cEG-ScBUE |
||
| 082 |
_222 _a622.33827 _bENH |
||
| 245 |
_aEnhanced oil recovery field case studies / _cEditor, Bhushan Kulkarni. |
||
| 260 |
_aValley Cottage, New York : _bSCITUS Academics LLC, _c2016. |
||
| 300 |
_a219 p. : _bill. ; _c19 cm. |
||
| 500 | _aIndex : p. 217-219. | ||
| 504 | _aBibliography : p. 206-211. | ||
| 590 | _aWessam | ||
| 650 | 7 |
_2BUEsh _928476 _aEnhanced oil recovery. |
|
| 651 | _2BUEsh | ||
| 653 |
_bENGPET _cJanuary2017 |
||
| 700 | 1 |
_941779 _aKulkarni, Bhushan. _eeditor |
|
| 942 |
_2ddc _e22 _k622.33827 ENH |
||
| 999 |
_c23984 _d23956 |
||